000 00386nam a2200133Ia 4500
008 220217s9999||||xx |||||||||||||| ||und||
020 _a81-265-0046-8
082 _a005.133 MAN
100 _aMansfield, Richard
_91239
245 0 _aVisual basic 6 database programming for dummies
260 _aIDG books india
_bNew Delhi
_c2000
300 _b169
650 _aPROGRAMMING LANGUAGE
999 _c166125
_d166125